Subdivision capitals closest to Olsztyn (PL) - Statistics

General Stats
  • This quiz has been taken 29 times
  • The average score is 8 of 20
Answer Stats
Distance (km) Answer % Correct
4 175 Warszawa
100%
2 135 Gdańsk
94%
6 192 Białystok
76%
20 314 Lublin
76%
11 233 Łódź
71%
5 179 Bydgoszcz
65%
15 281 Poznań
65%
3 151 Toruń
65%
1 105 Kalinjingrad
41%
16 289 Brest
29%
10 221 Hrodna
29%
13 254 Kaunas
29%
9 219 Klaipėda
24%
17 301 Šiauliai
12%
12 243 Alytus
6%
18 305 Liepāja
6%
8 206 Marijampolė
6%
7 202 Tauragė
6%
14 270 Telšiai
6%
19 310 Grobiņa
0%
No matching quizzes found
Score Distribution
Percent of People with Each Score
Percentile by Number Answered
Your Score History
You have not taken this quiz